000 00489nam a2200181Ia 4500
005 20250508161855.0
008 008 250505s9999 xx 000 0 eng d
037 _aTextual
040 _aFEDL
_beng
_cFEDL
041 _aeng
_2eng
084 _a378, ALL
_qFEDL
100 _aAllen Herman R
_9771725
245 0 _aOpen door to learning
260 _aUrbana
_bUniversity of Illinois Press
_c1963
300 _a193p.
942 _cTEXL
_h378, ALL
999 _c1372862
_d1372862